000 01038nam a22003257a 4500
003 CHAP
005 20220329143458.0
008 091218s1993 us a r 00010 eng d
010 _a97257
011 _a98229
020 _a002306367X
035 _a108913
040 _cCHAP
082 0 4 _a510
_bB3 1993
100 0 0 _aBarnett, Raymond A.
_910270
245 1 0 _aFinite mathematics :
_bfor businnes, economics, life sciences, and social sciences
_c/por Raymond A. Barnett and Michael R. Ziegler's
250 _a6 ed.
260 _aNew York :
_bMacmillan,
_c1993
300 _a440 p. :
_bilus.
590 _aBATCH-UPD
_b10
_c20130110
_lUCH01
_h1019
590 _aBATCH-UPD
_b10
_c20130410
_lUCH01
_h0625
590 _aBATCH-UPD
_b10
_c20130914
_lUCH01
_h0539
590 _aCONVERSION
_b10
_c20130109
_lUCH01
_h1354
650 1 4 _aMatemáticas.
_972901
700 0 _aZiegler, Michael R.
_9124005
901 _aBK
911 _aen proceso
942 _cLIBRO
949 _a510 B3 1993
_bBC
_cLIBRO
_d33724002136991
_eLIBRO
_gI.c/e
_h111556
_i108913
_sb
999 _c97257
_d97257